| 000 | 00463nam a2200157Ia 4500 | ||
|---|---|---|---|
| 999 |
_c1463 _d1463 |
||
| 003 | OSt | ||
| 005 | 20201001101321.0 | ||
| 008 | 190216s9999||||xx |||||||||||||| ||und|| | ||
| 040 | _coclc | ||
| 082 |
_a660.6 _bBIL/I |
||
| 100 |
_aBilgrami, K S _94811 |
||
| 245 | 0 |
_aIntroduction To Biotechnology / _cK S Bilgrami ; A K Pandey |
|
| 260 |
_bCbs Publishers, _c1996. _aNew Delhi: |
||
| 300 | _a190p | ||
| 942 |
_cBK _2ddc _h660.6 _iBIL/I _k660.6 _mBIL/I |
||